000 00906nam a22002651c 4500
001 ht015445061
008 130722s2008 gw a||| 000u ger d
020 _a9783898090797
_9978-3-89809-079-7
041 _ager
245 0 0 _aWas damals Recht war ... :
_bSoldaten und Zivilisten vor Gerichten der Wehrmacht /
_cUlrich Baumann, Magnus Koch. Stiftung Denkmal für die ermordeten Juden Europas (Hg.)
264 _aBerlin :
_bbe.bra wiss.-Verl.,
_c2008
300 _a264 S. : Ill., Kt
648 0 _a1939-1945
650 0 _aDeutschland / Wehrmacht
650 0 _aMilitärgerichtsverfahren
650 0 _aMilitärjustiz
655 0 _aAusstellung <Berlin, 2007>
655 0 _aQuelle
700 1 _aBaumann, Ulrich
_eHerausgeberIn
700 1 _aKoch, Magnus
_eHerausgeberIn
710 2 _aStiftung Denkmal für die Ermordeten Juden Europas
942 _cMG
040 _cRU-10907106
003 RU-10907106
999 _c25221
_d25221